000
00336nam a2200157Ia 4500
100
_a
Sudha Murthy
650
_a
General
942
_c
BK
654
_a
wise
245
_a
Wise and otherwise: a salute to life
260
_b
East west Books
_a
Chennai
_c
2002
082
_a
802
_b
SUD
300
_a
188
546
_a
ENGLISH
999
_c
30034
_d
30034